| 000 | 00372nam a22001457a 4500 | ||
|---|---|---|---|
| 020 | _a9780141028507 | ||
| 082 | _a956.70443 RIC | ||
| 100 | _aRicks, Thomas E. | ||
| 245 | _aFiasco : the American military adventure in Iraq | ||
| 260 |
_aNew York _bPenguin Books _c2007 |
||
| 300 |
_axv, 477p. : _e22 cm |
||
| 650 | _aUnited States | ||
| 700 | _aThomas E.Ricks | ||
| 942 | _cBK | ||
| 999 |
_c11562 _d11562 |
||